000 01049nam2a22002651 4500
001 v19\rc\1595565
005 20250618215549.0
035 _a(NLR Aleph) 004719016
090 _a4306102
_c4306102
100 _a20061002d1903 |||y0rusy50 ca
101 0 _arus
102 _aRU
105 _ay z |||||
200 0 _a... за 1902 г.
210 _d1903
_aБ. м.
461 0 _1001v19\rc\1595559
_12001#$aОтчет Правления Общества средних торговых рядов в Москве ...$v... за 1902 г.
_94306025
_aОбщество Средних торговых рядов (Москва)
_cМосква
_d1895-1903
_tОтчет Правления Общества средних торговых рядов в Москве ...
_v... за 1902 г.
801 0 _aRU
_bNLR
_gpsbo
801 0 _aRU
_bRuMoRGB
_2psbo
801 1 _aRU
_bProSoft-M
_2rusmarc
852 _aNLR
_j18.288.1.150(5)
899 _aRuMoRGB (1894-1913*)
_jL 4/414
899 _aRuMoRGB (1894-1913*)
_jV 66/536
899 _aБАН
942 _cBOOK
980 _aNB